Central Library OPAC University of Rajshahi

The sociology of punishment and correction / (Record no. 7043)

MARC details
000 -LEADER
fixed length control field 00938cam a22002891 4500
001 - CONTROL NUMBER
control field 7043
003 - CONTROL NUMBER IDENTIFIER
rucl marc code BD-RjUL
005 - DATE AND TIME OF LATEST TRANSACTION
control field 20211208234346.0
008 - FIXED-LENGTH DATA ELEMENTS--GENERAL INFORMATION
fixed length control field 140113s1962 nyua b 000 0 eng
035 ## - SYSTEM CONTROL NUMBER
System control number (OCoLC)ocm00264997
System control number (BD-RjUL)7085
System control number (NNC)2078788
040 ## - CATALOGING SOURCE
Original cataloging agency DLC
Transcribing agency DLC
Modifying agency UKM
-- ZCU
-- BD-RjUL
Language of cataloging eng
041 ## - LANGUAGE CODE
Language code of text/sound track or separate title eng
082 00 - DEWEY DECIMAL CLASSIFICATION NUMBER
Classification number 364
Author mark and year SOC 1962
245 04 - TITLE STATEMENT
Title The sociology of punishment and correction /
Statement of responsibility, etc. Edited by Norman Johnston, Leonard Savitz [and] Marvin E. Wolfgang.
260 ## - PUBLICATION, DISTRIBUTION, ETC. (IMPRINT)
Place of publication, distribution, etc. New York :
Name of publisher, distributor, etc. Wiley,
Date of publication, distribution, etc. 1962.
300 ## - PHYSICAL DESCRIPTION
Pagination XI, 349 p. :
Illustrations illus.
Size 26 cm.
504 ## - BIBLIOGRAPHY, ETC. NOTE
Bibliography, etc Includes bibliography.
650 #0 - SUBJECT ADDED ENTRY--TOPICAL TERM
Topical term or geographic name as entry element Criminology.
9 (RLIN) 22053
Topical term or geographic name as entry element Corrections.
9 (RLIN) 22054
700 1# - ADDED ENTRY--PERSONAL NAME
Personal name Savitz, Leonard D.,
Relator term editor.
Personal name Johnston, Norman Bruce,
Dates associated with a name 1921-2012,
Personal name Wolfgang, Marvin E.
Fuller form of name (Marvin Eugene),
Dates associated with a name 1924-1998,
Relator term editor.
942 ## - ADDED ENTRY ELEMENTS (KOHA)
Source of classification or shelving scheme Dewey Decimal Classification
Koha item type Books
Holdings
Lost status Source of classification or shelving scheme Damaged status Not for loan Collection code Permanent Location Current Location Shelving location Date acquired Source of acquisition Cost, normal purchase price Total Checkouts Full call number Date last seen Copy number Koha item type
  Dewey Decimal Classification     Non-fiction Central Library, University of Rajshahi Central Library, University of Rajshahi   21/03/1966 Zeithlinger. 0.00   364 SOC 1962 13/01/2014 C-2 Books
  Dewey Decimal Classification     Non-fiction Central Library, University of Rajshahi Central Library, University of Rajshahi   21/03/1966 Zeithlinger 0.00   364 SOC 1962 23/08/2016 C-3 Books